| 000 | 00442cam a2200181ua 4500 | ||
|---|---|---|---|
| 001 | 9936 | ||
| 008 | 161021n ii |||gr||||Z||||||asm | ||
| 040 | _cMAIN | ||
| 041 | _aasm | ||
| 082 | _a891.451 | ||
| 100 |
_aNeog, Maheswar, _eEditor. |
||
| 245 |
_aAsamiya katha chayan _cEd. by Maheswar Neog |
||
| 250 | _a2nd ed. | ||
| 260 |
_aDibrugarh: _bDibrugarh university, _c1974. |
||
| 300 | _a320p. | ||
| 653 | _aAssamese textbook | ||
| 942 | _cBK | ||
| 999 |
_c8943 _d8943 |
||